[Event "Titled Tue 24th Jun Late"]
[Site "chess.com INT"]
[Date "2025.06.24"]
[Round "5"]
[White "Mkrtchyan, Mariam"]
[Black "Khouri, Ahmed Abbas"]
[Result "1-0"]
[WhiteTitle "WIM"]
[BlackTitle "FM"]
[WhiteElo "2307"]
[BlackElo "1978"]
[WhiteFideId "13310828"]
[BlackFideId "9301518"]
[EventDate "2025.06.24"]

1. Nf3 c5 2. c4 Nc6 3. g3 g6 4. Bg2 Bg7 5. O-O e5 6. d3 Nge7 7. Nc3 d6 8. Ne1
Be6 9. Nc2 d5 10. cxd5 Nxd5 11. Ne3 Nc7 12. Bxc6+ bxc6 13. Qa4 Qd7 14. Ne4 O-O
15. Nxc5 Qe7 16. Nxe6 Qxe6 17. Qc4 Qd7 18. Rd1 Rab8 19. b3 h5 20. Bb2 Nd5 21.
Ng2 Rb4 22. Qc2 h4 23. a3 hxg3 24. axb4 Qh3 25. fxg3 Nf6 26. e4 Ng4 27. Nh4 Bh6
28. Bc1 Ne3 29. Bxe3 Bxe3+ 30. Kh1 Qg4 31. Qg2 Kg7 32. Qf3 Qg5 33. Ng2 Bd4 34.
Ra2 Rh8 35. Nh4 Qe7 36. Rf1 Qe6 37. Qg2 Qe7 38. Raf2 Bxf2 39. Qxf2 Rf8 40. Qc5
Qd7 41. Qxe5+ Kg8 42. d4 Re8 43. Qf4 Qxd4 44. Qxf7+ Kh8 45. Qxe8+ 1-0

[Event "Titled Tue 24th Jun Late"]
[Site "chess.com INT"]
[Date "2025.06.24"]
[Round "5"]
[White "Niemann, Hans Moke"]
[Black "Plat, Vojtech"]
[Result "1/2-1/2"]
[WhiteTitle "GM"]
[BlackTitle "GM"]
[WhiteElo "2736"]
[BlackElo "2497"]
[WhiteFideId "2093596"]
[BlackFideId "325740"]
[EventDate "2025.06.24"]

1. e4 d6 2. d4 Nf6 3. Bd3 e5 4. c3 d5 5. dxe5 dxe4 6. Bb5+ c6 7. Qxd8+ Kxd8 8.
exf6 cxb5 9. fxg7 Bxg7 10. Ne2 Bf5 11. Na3 a6 12. O-O Nd7 13. Bf4 Ke7 14. Ng3
Bg6 15. Rad1 f5 16. Nc2 Ne5 17. Nb4 Ke6 18. f3 Rad8 19. fxe4 fxe4 20. Bxe5 Bxe5
21. Nc2 Rxd1 22. Rxd1 Bc7 23. Kf2 Rd8 24. Nd4+ Ke5 25. Ke3 Bb6 26. a3 a5 27. h4
b4 28. axb4 axb4 29. h5 Bf7 30. Rf1 Be6 31. Nxe4 bxc3 32. bxc3 Bxd4+ 33. cxd4+
Rxd4 34. Nf2 b5 35. Ra1 Rh4 36. Nd3+ Kf6 37. Nf4 Bf7 38. g3 Rh2 39. Kf3 Bxh5+
40. Ke3 Bg6 41. Ra6+ Kg5 42. Rb6 Rb2 43. Nxg6 hxg6 44. Kf3 Rb3+ 45. Kf2 b4 46.
Kg2 Kf5 47. Kh3 Rb1 48. Rb5+ Kf6 49. Kg4 b3 50. Rb6+ Kf7 51. Kg5 b2 52. Rb7+ Ke6
53. g4 Ke5 54. Kxg6 Rg1 55. Rxb2 Rxg4+ 56. Kf7 Rg1 57. Rb5+ Kd6 58. Rf5 Re1 59.
Rf6+ Kd5 60. Kg6 Re6 61. Rxe6 Kxe6 1/2-1/2

[Event "Titled Tue 24th Jun Late"]
[Site "chess.com INT"]
[Date "2025.06.24"]
[Round "5"]
[White "Rogov, Matfey"]
[Black "Deichmann, Esteban Horacio"]
[Result "0-1"]
[WhiteTitle "FM"]
[WhiteElo "2348"]
[BlackElo "2103"]
[WhiteFideId "44191308"]
[BlackFideId "167410"]
[EventDate "2025.06.24"]

1. e4 e6 2. d4 d5 3. Bd3 dxe4 4. Bxe4 Nf6 5. Bf3 c5 6. Ne2 Nc6 7. Be3 cxd4 8.
Nxd4 Nxd4 9. Qxd4 Bd6 10. Nc3 O-O 11. Rd1 Be7 12. Qxd8 Bxd8 13. Bc5 Re8 14. Nb5
Bb6 15. Bxb6 axb6 16. Nc7 Bd7 17. Nxe8 Bxe8 18. a3 Rc8 19. c3 Bc6 20. Ke2 Kf8
21. Rd4 Ke7 22. Rhd1 e5 23. Bg4 Rc7 24. Rb4 Nd5 25. Rxd5 Bxd5 26. Rxb6 Bxg2 27.
f3 e4 28. fxe4 Bxe4 29. Ke3 f5 30. Be2 Bc6 31. b4 g5 32. c4 Kd6 33. c5+ Ke5 34.
Kf2 h5 35. Bd1 Kf4 36. a4 Rd7 37. Ke1 Re7+ 38. Kf2 g4 39. b5 Bf3 40. Rd6 Re4 41.
Bxf3 gxf3 42. a5 Re2+ 43. Kf1 Rxh2 44. a6 bxa6 45. b6 Rb2 46. Rd7 a5 47. b7 a4
48. c6 a3 0-1

[Event "Titled Tue 24th Jun Late"]
[Site "chess.com INT"]
[Date "2025.06.24"]
[Round "5"]
[White "Rodgers, Jack"]
[Black "Askarov, Bakhtiyar"]
[Result "1-0"]
[WhiteTitle "FM"]
[BlackTitle "IM"]
[WhiteElo "2183"]
[BlackElo "2297"]
[WhiteFideId "3220885"]
[BlackFideId "13701100"]
[EventDate "2025.06.24"]

1. d4 d5 2. Bg5 h6 3. Bh4 c6 4. e3 Qb6 5. Qc1 Bf5 6. Nf3 e6 7. c4 Nd7 8. Nc3
Ngf6 9. c5 Qd8 10. Be2 Be7 11. O-O O-O 12. b4 a6 13. a4 Ne4 14. Nxe4 Bxe4 15.
Bxe7 Qxe7 16. b5 e5 17. dxe5 Nxc5 18. Qc3 Rfc8 19. bxa6 Bxf3 20. axb7 Bxe2 21.
bxc8=Q+ Rxc8 22. Rfe1 Bc4 23. a5 Bb5 24. Qb4 Qa7 25. Qd4 Rc7 26. Reb1 Na6 27.
Qb6 Rb7 28. Qd8+ Kh7 29. h4 Qb8 30. Qxb8 Rxb8 31. f4 h5 32. Kf2 g6 33. Rb2 Kg7
34. Rc1 Ra8 35. Ra1 Nc5 36. Kg3 Ne4+ 37. Kh2 Ra6 38. g3 Kf8 39. Kh3 Ke7 40. g4
hxg4+ 41. Kxg4 Nc5 42. h5 gxh5+ 43. Kxh5 Ne4 44. f5 Ra8 45. a6 f6 46. e6 Ra7 47.
Kg4 Nd6 48. Rh2 1-0

[Event "Titled Tue 24th Jun Late"]
[Site "chess.com INT"]
[Date "2025.06.24"]
[Round "5"]
[White "Borges, Wagner da Silva"]
[Black "Kjaergaard-Jensen, Jesper"]
[Result "1-0"]
[WhiteTitle "CM"]
[BlackTitle "CM"]
[WhiteElo "2062"]
[BlackElo "2081"]
[WhiteFideId "2100401"]
[BlackFideId "1406990"]
[EventDate "2025.06.24"]

1. d4 Nf6 2. c4 d6 3. Nc3 e5 4. dxe5 dxe5 5. Qxd8+ Kxd8 6. Bg5 c6 7. Nf3 Nd7 8.
O-O-O Kc7 9. Bh4 Bb4 10. Kc2 Re8 11. Ng5 h6 12. Nf3 g5 13. Bg3 Bxc3 14. bxc3 Ne4
15. e3 f6 16. Bd3 Nxg3 17. hxg3 e4 18. Rxh6 exd3+ 19. Rxd3 Re7 20. Nd4 Nc5 21.
Rd1 Rf7 22. f3 Bd7 23. e4 Re8 24. g4 Nxe4 25. fxe4 Rxe4 26. Rf1 Rxg4 27. Rf2 f5
28. c5 f4 29. Rg6 Rg3 30. Re2 b6 31. Kb3 Kb7 32. Ne6 Bxe6+ 33. Rgxe6 f3 34. gxf3
Rfxf3 35. Re7+ Ka6 36. Rc2 bxc5 37. Kc4 g4 38. Rc7 Kb6 39. Rg7 Rf4+ 40. Kb3 c4+
41. Kb4 a5+ 42. Ka4 Rf5 43. Rg8 Rb5 44. Rb8+ Kc5 45. Ra8 Rf3 46. Rxa5 g3 47. Ra8
Rf2 48. Rxf2 1-0

[Event "Titled Tue 24th Jun Late"]
[Site "chess.com INT"]
[Date "2025.06.24"]
[Round "5"]
[White "Xie, Bryan"]
[Black "Lin, Bryan Enming"]
[Result "0-1"]
[WhiteTitle "FM"]
[BlackTitle "FM"]
[WhiteElo "2312"]
[BlackElo "2343"]
[WhiteFideId "30941296"]
[BlackFideId "30987121"]
[EventDate "2025.06.24"]

1. e4 e5 2. Nf3 Nc6 3. Bc4 Bc5 4. d3 Nf6 5. c3 d6 6. Bg5 h6 7. Bh4 a5 8. Nbd2
Ba7 9. O-O O-O 10. a4 Qe7 11. Re1 g6 12. Nf1 g5 13. Bg3 Be6 14. Bb5 Nb8 15. d4
c6 16. Bd3 Nbd7 17. Ne3 Ng4 18. Nxg4 Bxg4 19. Be2 Rad8 20. h3 Bxf3 21. Bxf3 Qf6
22. d5 Rfe8 23. b4 axb4 24. cxb4 Bd4 25. Ra3 c5 26. bxc5 Nxc5 27. Bh5 Qe7 28.
Rf3 Rf8 29. Re2 Ra8 30. Ra3 b5 31. a5 b4 32. Raa2 b3 33. Ra3 b2 34. Qb1 Rfb8 35.
Kh2 Rb3 36. Rxb3 Nxb3 37. Rxb2 Bxb2 38. Qxb2 Nxa5 39. Qb5 Nb7 40. Qc6 Rf8 41. f3
Nc5 42. Bg4 Nd3 43. Qc3 Nf4 44. Qc6 Kg7 45. Be1 Rb8 46. Bc3 Kg8 47. Bf5 h5 48.
Bd7 Rd8 49. Bf5 g4 50. fxg4 Qh4 51. Qc7 Rf8 52. Qxd6 Qf2 53. Qxf8+ Kxf8 54. Bb4+
Kg8 0-1

[Event "Titled Tue 24th Jun Late"]
[Site "chess.com INT"]
[Date "2025.06.24"]
[Round "5"]
[White "Fernandez, Maria Florencia"]
[Black "Stamatiou, Rodolfos"]
[Result "0-1"]
[WhiteTitle "WIM"]
[BlackTitle "FM"]
[WhiteElo "2163"]
[BlackElo "2269"]
[WhiteFideId "116459"]
[BlackFideId "25826530"]
[EventDate "2025.06.24"]

1. d4 Nf6 2. c4 g6 3. Nc3 Bg7 4. e4 d6 5. Be2 O-O 6. Be3 e5 7. d5 a5 8. g4 Na6
9. h4 Nc5 10. f3 c6 11. h5 cxd5 12. cxd5 Nfd7 13. Qd2 f5 14. hxg6 hxg6 15. gxf5
gxf5 16. Bg5 Nf6 17. Qe3 Qb6 18. O-O-O f4 19. Qd2 Kf7 20. Nh3 Rh8 21. Nf2 Bd7
22. Kb1 Rag8 23. Rdg1 Bf8 24. Rxh8 Rxh8 25. Bxf6 Kxf6 26. Ng4+ Kf7 27. Rc1 Be7
28. Qe1 Bxg4 29. fxg4 Rh2 30. Qg1 Rh4 31. g5 Kg6 32. Bg4 Bxg5 33. Bf5+ Kf6 34.
Nd1 Qb4 35. Rc2 Nxe4 36. Rg2 Nd2+ 37. Kc1 Kxf5 38. Rxd2 f3 39. Qf2 Bxd2+ 40.
Qxd2 Qxd2+ 41. Kxd2 Rd4+ 42. Ke1 Rxd1+ 43. Kxd1 Ke4 44. Ke1 Kd4 45. Kf2 e4 46.
b3 Kxd5 47. Ke3 Kc5 48. a3 b5 49. Kxe4 f2 50. Kd3 f1=Q+ 51. Kc3 Qc1+ 52. Kd3
Qxa3 53. Kc2 Kb4 54. Kd3 Qxb3+ 55. Kd4 Qc4+ 56. Ke3 a4 57. Kd2 a3 58. Kd1 a2 59.
Kd2 a1=Q 60. Ke3 Qad4+ 61. Kf3 Qf4+ 62. Kg2 Qe2+ 63. Kh1 Qff1# 0-1

[Event "Titled Tue 24th Jun Late"]
[Site "chess.com INT"]
[Date "2025.06.24"]
[Round "5"]
[White "Przybylski, Wojciech"]
[Black "Cernov, Henrik"]
[Result "0-1"]
[WhiteTitle "FM"]
[BlackTitle "FM"]
[WhiteElo "2340"]
[BlackElo "2325"]
[WhiteFideId "1117599"]
[BlackFideId "16258312"]
[EventDate "2025.06.24"]

1. e4 c5 2. Nc3 Nc6 3. Bb5 Nd4 4. Bc4 e6 5. Nge2 Nc6 6. d4 cxd4 7. Nxd4 Nf6 8.
Be3 Bb4 9. Nxc6 bxc6 10. O-O d5 11. exd5 cxd5 12. Bd3 h6 13. Bd4 O-O 14. Re1 a6
15. Qf3 Be7 16. Rad1 Bb7 17. h3 Nd7 18. Qg3 Bf6 19. Bxf6 Qxf6 20. Qc7 Bc8 21.
Re3 Qd8 22. Qxd8 Rxd8 23. Be2 Bb7 24. Red3 Ne5 25. R3d2 Rac8 26. f4 Nc4 27. Bxc4
Rxc4 28. Ne2 a5 29. c3 a4 30. a3 Kf8 31. Nd4 Ba6 32. Re1 g6 33. g4 Re8 34. Kh2
g5 35. fxg5 hxg5 36. Nf3 f6 37. Nd4 Kf7 38. Kg3 Bc8 39. Rf2 Kg6 40. Nc2 Re4 41.
Rfe2 f5 42. Nd4 Bb7 43. Rxe4 dxe4 44. Nb5 f4+ 45. Kg2 e3+ 46. Kf1 Rh8 47. Nd4
Rxh3 48. Ke2 Be4 49. Kd1 Rh2 50. Kc1 f3 51. Nxf3 Bxf3 52. Rxe3 Bxg4 53. c4 Kf6
54. c5 Ke7 55. Re4 Bf3 56. Rxa4 g4 57. Ra7+ Kf6 58. Rd7 g3 59. Rd3 Rf2 60. c6 g2
61. Rd1 Bxc6 62. Rg1 Rf1+ 63. Kd2 Rxg1 64. Ke3 Rb1 0-1

[Event "Titled Tue 24th Jun Late"]
[Site "chess.com INT"]
[Date "2025.06.24"]
[Round "5"]
[White "Weisz, Bryan"]
[Black "Clawitter, Craig"]
[Result "0-1"]
[WhiteElo "2059"]
[BlackElo "2050"]
[WhiteFideId "30934133"]
[BlackFideId "2023105"]
[EventDate "2025.06.24"]

1. e4 e5 2. Ke2 Nc6 3. Ke1 Nf6 4. Nc3 d5 5. exd5 Nxd5 6. Qf3 Be6 7. Bb5 Be7 8.
Nge2 O-O 9. Bxc6 bxc6 10. d3 f5 11. h4 Qd7 12. Kf1 Bc5 13. Be3 e4 14. Qg3 Nxe3+
15. fxe3 exd3 16. cxd3 Qxd3 17. Rd1 Qxe3 18. Qxe3 Bxe3 19. Rd3 f4 20. b3 Rad8
21. Rxd8 Rxd8 22. Ke1 Bg4 23. Rf1 Bd2+ 24. Kf2 h6 25. Kg1 g5 26. hxg5 hxg5 27.
Rd1 Be3+ 28. Kf1 Rxd1+ 29. Nxd1 Kf7 30. Ndc3 Ke6 31. Ne4 Kf5 32. N4c3 Ke5 33.
Na4 Kd5 34. Nb2 c5 35. Nc4 Ke4 36. Nc3+ Kd3 37. Nd5 Kc2 38. Ndxe3+ fxe3 39.
Nxe3+ Kb2 40. Nxg4 Kxa2 41. Ne3 Kxb3 42. Nd5 c4 43. Ke2 c3 44. Kd1 Kb2 45. Ne3
a5 46. Nc4+ Kb3 47. Nxa5+ Kb4 48. Nc6+ Kc5 49. Ne5 Kd5 50. Nf3 g4 51. Ne1 c5 52.
Kc2 Kc4 53. Nd3 Kd4 54. Ne1 c4 55. g3 Ke3 56. Kxc3 Kf2 57. Kd2 Kxg3 58. Ke3 Kh2
59. Nc2 g3 60. Kf3 g2 61. Ne3 g1=Q 62. Ng4+ Qxg4+ 63. Kxg4 c3 64. Kf3 c2 0-1

[Event "Titled Tue 24th Jun Late"]
[Site "chess.com INT"]
[Date "2025.06.24"]
[Round "5"]
[White "Petrenko, Maryna"]
[Black "Kelley, Deshawn"]
[Result "0-1"]
[WhiteTitle "WFM"]
[WhiteElo "2062"]
[BlackElo "2014"]
[WhiteFideId "14197820"]
[BlackFideId "30911940"]
[EventDate "2025.06.24"]

1. d4 Nf6 2. c4 d6 3. Nf3 Nbd7 4. g3 g6 5. Bg2 Bg7 6. O-O O-O 7. Nc3 e5 8. e4
Re8 9. Re1 exd4 10. Nxd4 Nc5 11. h3 a5 12. Qc2 c6 13. Be3 Qc7 14. a3 a4 15. Rad1
Bd7 16. Bf4 Re5 17. Bxe5 dxe5 18. Nf3 h6 19. Nd2 Be6 20. Bf1 Nfd7 21. g4 Nb6 22.
Kg2 Qe7 23. Ne2 h5 24. f3 hxg4 25. fxg4 Rd8 26. Ng3 Bh6 27. Qc3 Bf4 28. Nf3 f6
29. Rxd8+ Qxd8 30. Qc2 Nb3 31. Rd1 Qe7 32. Ne2 Be3 33. Ng3 Nd4 34. Nxd4 exd4 35.
c5 Nd7 36. Bc4 Ne5 37. Bxe6+ Qxe6 38. Ne2 d3 39. Rxd3 Nxd3 40. Qxd3 Bxc5 41.
Qd8+ Kg7 42. Qc7+ Qe7 43. Qf4 Bd6 44. Qf3 Qe5 45. Nc3 Qh2+ 46. Kf1 Qxb2 47. Nxa4
Qxa3 48. Qd1 Qg3 49. Ke2 Kh6 50. Qd2+ Bf4 51. Qc3 Qg2+ 52. Kd1 Qh1+ 53. Kc2 Qh2+
54. Kb3 Qg3 55. Kb4 Qxc3+ 56. Nxc3 Be5 57. Kc5 Bxc3 0-1

[Event "Titled Tue 24th Jun Late"]
[Site "chess.com INT"]
[Date "2025.06.24"]
[Round "5"]
[White "Marin Posada, Sebastian"]
[Black "Bratovic, Blaz"]
[Result "1-0"]
[WhiteTitle "FM"]
[BlackTitle "IM"]
[WhiteElo "2246"]
[BlackElo "2319"]
[WhiteFideId "4402782"]
[BlackFideId "14603551"]
[EventDate "2025.06.24"]

1. e4 c5 2. Nf3 d6 3. d4 cxd4 4. Nxd4 Nf6 5. Nc3 a6 6. h3 e5 7. Nde2 Be6 8. g4
d5 9. exd5 Nxd5 10. Bg2 Nxc3 11. Qxd8+ Kxd8 12. Nxc3 Nc6 13. Be3 Kc7 14. O-O-O
Be7 15. f4 f6 16. f5 Bf7 17. Bd5 Raf8 18. Bxf7 Rxf7 19. Nd5+ Kc8 20. Nb6+ Kb8
21. Rd7 Rhf8 22. Rhd1 Nd4 23. Bxd4 exd4 24. R1xd4 Bc5 25. Rxf7 Rxf7 26. Nd7+ Kc7
27. Nxc5 Kc6 28. Ne6 Re7 29. c4 g6 30. c5 h5 31. Rd6+ Kb5 32. Rb6+ Kc4 33. Kc2
hxg4 34. hxg4 gxf5 35. gxf5 Rh7 36. b3+ Kd5 37. Rd6+ Ke4 38. Nd4 Rh6 39. Kc3 Kf4
40. Kc4 Rh3 41. Kd5 Rh4 42. Rxf6 Kg5 43. Rg6+ Kf4 44. Re6 Kg5 45. Re4 Rh6 46.
Ne6+ Kf6 47. Rf4 Rh1 48. Nd4 Rd1 49. Re4 Rd2 50. Re6+ Kf7 51. Rb6 Rd1 52. Rxb7+
Kf6 53. a4 a5 54. Rb6+ Kg5 55. b4 Kf4 56. bxa5 Ke3 57. Rb4 Kf4 58. f6 Kg5 59. f7
Rf1 60. f8=Q Rxf8 61. Ne6+ 1-0

[Event "Titled Tue 24th Jun Late"]
[Site "chess.com INT"]
[Date "2025.06.24"]
[Round "5"]
[White "Garde, Guillaume"]
[Black "Sprenar, Petr"]
[Result "0-1"]
[WhiteTitle "CM"]
[BlackTitle "FM"]
[WhiteElo "2211"]
[BlackElo "2318"]
[WhiteFideId "45138273"]
[BlackFideId "397164"]
[EventDate "2025.06.24"]

1. d4 d5 2. Nf3 e6 3. e3 Nf6 4. b3 Be7 5. Bb2 O-O 6. Bd3 b6 7. O-O Bb7 8. Ne5
Nbd7 9. Nd2 Nxe5 10. dxe5 Nd7 11. Qh5 g6 12. Qh6 Re8 13. f4 Bf8 14. Qh3 Nc5 15.
Nf3 Nxd3 16. cxd3 c5 17. Ng5 h6 18. Nf3 d4 19. e4 Bg7 20. f5 exf5 21. exf5 Bxf3
22. Rxf3 Rxe5 23. f6 Bf8 24. Raf1 Qd5 25. Bc1 Rae8 26. Bf4 Rh5 27. Qg3 Kh7 28.
h3 Rf5 29. Bc1 Rxf3 30. Qxf3 Qxf3 31. Rxf3 Re1+ 32. Rf1 Rxf1+ 33. Kxf1 Bd6 34.
g4 g5 35. b4 cxb4 36. Ke2 Kg6 37. Kf3 Kxf6 38. Ke4 Bc5 39. Bb2 Ke6 40. Bxd4 Bxd4
41. Kxd4 f5 42. gxf5+ Kxf5 43. Kd5 g4 44. hxg4+ Kxg4 45. d4 h5 46. Ke6 h4 47. d5
h3 48. d6 h2 49. d7 h1=Q 50. d8=Q Qe4+ 51. Kf7 Qf5+ 52. Ke8 Qg6+ 53. Kf8 Qh6+
54. Kg8 Qe6+ 55. Kf8 Qxa2 56. Qd4+ Kf5 57. Qxb4 Qd5 58. Qb1+ Ke6 59. Qe1+ Kd7
60. Qe7+ Kc6 61. Qxa7 Qd8+ 62. Kf7 Qd7+ 63. Qxd7+ Kxd7 64. Kf6 Kd6 65. Kf5 Kd5
66. Kf4 Kd4 67. Kf3 Kd3 68. Kf2 Kd2 69. Kf3 b5 70. Ke4 b4 71. Kd4 b3 72. Kc4 b2 0-1

[Event "Titled Tue 24th Jun Late"]
[Site "chess.com INT"]
[Date "2025.06.24"]
[Round "5"]
[White "Plichta, Kamil"]
[Black "Ibarra Jerez, Jose Carlos"]
[Result "1-0"]
[WhiteTitle "FM"]
[BlackTitle "GM"]
[WhiteElo "2361"]
[BlackElo "2545"]
[WhiteFideId "1141830"]
[BlackFideId "2226332"]
[EventDate "2025.06.24"]

1. Nf3 Nf6 2. g3 g6 3. Bg2 Bg7 4. O-O O-O 5. Re1 d6 6. d4 Nbd7 7. e4 e5 8. dxe5
dxe5 9. Nbd2 b6 10. Qe2 Re8 11. a4 a5 12. b3 Ba6 13. Nc4 Nc5 14. Nfd2 Bh6 15.
Rd1 Qc8 16. Nf1 Bxc1 17. Raxc1 Qe6 18. Nfd2 Rad8 19. f3 Qc6 20. Bf1 Ne6 21. Qf2
Nc5 22. Ne3 Bxf1 23. Qxf1 Rd4 24. Ndc4 Kg7 25. Nxe5 Qd6 26. N5c4 Qd8 27. e5 Ng8
28. f4 Ne7 29. Nd6 Rxd6 30. exd6 cxd6 31. Nc4 Nf5 32. Re1 Ne4 33. Qd3 d5 34. Ne3
Nc5 35. Nxf5+ gxf5 36. Qd4+ Kg6 37. Re5 f6 38. Rxe8 Qxe8 39. Qf2 Qc6 40. h4 Nd3
41. Qd2 Qc5+ 42. Kg2 Nxc1 43. Qxc1 Qc3 44. Qd1 Qc5 45. Qe2 Kf7 46. Qh5+ Ke6 47.
Qe8+ Kd6 48. Qf8+ Kc7 49. Qf7+ Kb8 50. Qg8+ Ka7 51. Qxh7+ Ka6 52. Qxf5 Ka7 53.
Qd3 Qe7 54. h5 Qe6 55. h6 f5 56. h7 Qf6 57. Qxd5 Qe7 58. Qxf5 Qe2+ 59. Kh3 Qf1+
60. Kg4 Qd1+ 61. Kg5 Qd8+ 62. Kg6 Qd6+ 63. Kg7 1-0

[Event "Titled Tue 24th Jun Late"]
[Site "chess.com INT"]
[Date "2025.06.24"]
[Round "5"]
[White "Oluka Robert Mcligeyo"]
[Black "Da Silva, Lucas Pereira Mendes"]
[Result "0-1"]
[WhiteTitle "CM"]
[WhiteElo "2061"]
[BlackElo "2122"]
[WhiteFideId "10814647"]
[BlackFideId "22718613"]
[EventDate "2025.06.24"]

1. e4 e6 2. d4 d5 3. Nc3 Nf6 4. Bg5 Be7 5. e5 Nfd7 6. Bxe7 Qxe7 7. f4 c5 8. Nb5
O-O 9. Nc7 cxd4 10. Nxa8 Qb4+ 11. Qd2 Qxb2 12. Rd1 f6 13. Nf3 fxe5 14. fxe5 Nc6
15. Bd3 Ndxe5 16. O-O Nxd3 17. Qxd3 e5 18. Qb3 Qxb3 19. axb3 Bg4 20. Nc7 e4 21.
Nxd4 Bxd1 22. Rxd1 Ne7 23. g3 Rc8 24. Nce6 h6 25. Kf2 Ng6 26. Nf4 Ne5 27. Nxd5
Ng4+ 28. Ke2 Rc5 29. c4 Nxh2 30. Ke3 Ng4+ 31. Kf4 h5 32. Ra1 a6 33. Kxe4 Kh7 34.
Ne6 Rc6 35. Nef4 Kh6 36. Kf3 Rc8 37. Rh1 g6 38. Ne3 Ne5+ 39. Ke4 Nf7 40. Nfd5
Re8+ 41. Kd4 Nd6 42. g4 Kg5 43. gxh5 gxh5 44. Rg1+ Kh6 45. Nf6 Rd8 46. Ke5 Nf7+
47. Kf4 Rd4+ 48. Kf3 Ng5+ 49. Ke2 Kg6 50. Nfd5 h4 51. Rg4 Rxg4 52. Nxg4 Ne4 53.
Ke3 Nc5 54. Kd4 Nxb3+ 55. Ke5 a5 56. Nc3 Kg5 57. Ne3 h3 58. Nf1 Nd2 59. Kd6 h2 0-1

[Event "Titled Tue 24th Jun Late"]
[Site "chess.com INT"]
[Date "2025.06.24"]
[Round "5"]
[White "Cieslak, Patryk"]
[Black "Paravyan, David"]
[Result "1/2-1/2"]
[WhiteTitle "FM"]
[BlackTitle "GM"]
[WhiteElo "2442"]
[BlackElo "2589"]
[WhiteFideId "21078882"]
[BlackFideId "4194985"]
[EventDate "2025.06.24"]

1. e4 e5 2. Nf3 Nf6 3. Nxe5 d6 4. Nf3 Nxe4 5. d3 Nf6 6. d4 g6 7. Bd3 Bg7 8. h3
O-O 9. O-O c5 10. c3 Nc6 11. Be3 b6 12. c4 Bb7 13. Nc3 d5 14. cxd5 Nxd5 15. Nxd5
Qxd5 16. dxc5 Rad8 17. Be2 Bxb2 18. Qxd5 Rxd5 19. Rab1 Bd4 20. cxb6 Bxe3 21.
fxe3 axb6 22. Rxb6 Ba8 23. Bc4 Rc5 24. Bb3 Na5 25. Nd4 Nxb3 26. Rxb3 Be4 27. Rf4
f5 28. Rf2 Ra8 29. Kh2 Rca5 30. Rbb2 Bd5 31. Kg3 Rxa2 32. Rxa2 Rxa2 33. Rxa2
Bxa2 34. Kf4 Bd5 35. g3 Kf7 36. Ke5 Bg2 37. h4 Bh1 38. Ne2 Bb7 39. Nf4 Ba8 40.
Ne6 Bh1 41. Nd8+ Ke7 42. Ne6 Kf7 43. Ng5+ Kg7 44. Kf4 Bd5 45. g4 fxg4 46. Kxg4
h6 47. Nf3 Kf6 48. Nd2 Ke5 49. Kg3 Kf5 50. Nf1 Bc4 51. Nd2 Bd5 52. Nf1 Bb7 53.
Nd2 Bc6 54. Nb3 Bd5 55. Nc5 Ke5 56. Nd3+ Ke4 57. Nf4 Bf7 58. Ng2 Be6 59. Nf4 Bf5
60. Ng2 Ke5 61. Nf4 Ke4 62. Ng2 g5 63. hxg5 hxg5 64. Ne1 Kxe3 65. Nf3 g4 66. Nh2
Ke2 67. Nxg4 1/2-1/2

[Event "Titled Tue 24th Jun Late"]
[Site "chess.com INT"]
[Date "2025.06.24"]
[Round "5"]
[White "Saya, Ethan"]
[Black "Ryabukhin, Roman"]
[Result "1/2-1/2"]
[WhiteTitle "FM"]
[BlackTitle "CM"]
[WhiteElo "2262"]
[BlackElo "2236"]
[WhiteFideId "26095181"]
[BlackFideId "24257893"]
[EventDate "2025.06.24"]

1. e4 c5 2. Nf3 Nc6 3. Bb5 g6 4. Bxc6 bxc6 5. O-O Bg7 6. d3 d6 7. Nbd2 e5 8. Nc4
Be6 9. a4 Ne7 10. Ng5 Bxc4 11. dxc4 O-O 12. b3 d5 13. Ba3 h6 14. Nf3 dxe4 15.
Nd2 Qd4 16. Qe2 f5 17. Rfd1 Qc3 18. Bxc5 Rfe8 19. Nf1 Kf7 20. Rab1 Rad8 21. Qe3
Qxe3 22. Nxe3 Nc8 23. g4 Ke6 24. gxf5+ gxf5 25. Ng2 Bf6 26. Kf1 a5 27. Ne3 Be7
28. Bxe7 Nxe7 29. Ke2 f4 30. Ng4 Nf5 31. h3 Nd4+ 32. Kf1 Nf3 33. Kg2 h5 34. Nh2
Rg8+ 35. Kh1 Nd4 36. c3 Ne2 37. Re1 Nxc3 38. Rbc1 Rd3 39. h4 Na2 40. Rcd1 Kf5
41. Rxd3 exd3 42. Nf3 Re8 43. Rd1 e4 44. Nd4+ Kg4 45. Kg2 Kxh4 46. f3 Nc3 47.
Rh1+ Kg5 48. fxe4 d2 49. Nf3+ Kh6 50. Nxd2 Nxe4 51. Re1 Rg8+ 52. Kf3 Nxd2+ 53.
Kxf4 Nxb3 54. Re6+ Rg6 55. Re8 Nc5 56. Ra8 Nxa4 57. Rxa5 Nb2 58. c5 h4 59. Ra8
Kh7 60. Ra7+ Rg7 61. Ra6 Rf7+ 62. Kg4 Rf6 63. Kg5 Rg6+ 64. Kxh4 Nd3 65. Kh5 Re6
66. Kg5 Nxc5 67. Ra7+ Kg8 68. Kf5 Kf8 69. Ra5 Rd6 70. Rxc5 Ke7 71. Rc2 Kd7 72.
Ke5 Rd5+ 73. Ke4 Rh5 74. Kd4 Rh4+ 75. Kc5 Rh5+ 76. Kc4 Kd6 77. Rd2+ Kc7 78. Rg2
Kb6 79. Rb2+ Kc7 80. Rg2 Rh4+ 81. Kc5 Rh5+ 82. Kc4 1/2-1/2

[Event "Titled Tue 24th Jun Late"]
[Site "chess.com INT"]
[Date "2025.06.24"]
[Round "5"]
[White "Garcia Hernandez, Rebeca"]
[Black "Pica, Eleni"]
[Result "0-1"]
[WhiteTitle "WCM"]
[BlackTitle "WCM"]
[WhiteElo "1904"]
[BlackElo "1686"]
[WhiteFideId "5180872"]
[BlackFideId "5910005"]
[EventDate "2025.06.24"]

1. Nf3 Nf6 2. g3 g6 3. Bg2 Bg7 4. O-O O-O 5. d4 d5 6. Nbd2 Nbd7 7. c4 e6 8. Qc2
c6 9. b3 Nb6 10. c5 Nbd7 11. Bb2 Re8 12. e4 dxe4 13. Nxe4 Nxe4 14. Qxe4 Nf6 15.
Qe2 Nd5 16. Rfe1 a5 17. Nd2 Bd7 18. a3 a4 19. b4 Qc7 20. Nc4 b5 21. cxb6 Nxb6
22. Rac1 Nd5 23. Ne5 Bxe5 24. dxe5 Rac8 25. h4 Qb6 26. Red1 Red8 27. Bd4 Qb8 28.
h5 Be8 29. Bc5 Rd7 30. h6 Rb7 31. Bd6 Qa7 32. Bxd5 exd5 33. Qf3 f5 34. exf6 Bf7
35. Bf4 Re8 36. Be3 Qb8 37. Bc5 Qd8 38. Re1 Rxe1+ 39. Rxe1 Qd7 40. Re7 Qc8 41.
Rxb7 Qxb7 42. Qe3 Qd7 43. Qe7 Qxe7 44. fxe7 Be8 45. Kf1 Kf7 46. Ke2 g5 47. g4
Kg6 48. f3 Kxh6 49. Ke3 Kg6 50. Kd4 Kf6 51. Bd6 Ke6 52. Bc5 h6 53. Ke3 h5 54.
gxh5 Bxh5 55. f4 gxf4+ 56. Kxf4 Be8 57. Ke3 Ke5 58. Kd3 Kf4 59. Kd4 Kf5 60. Bd6
Bd7 61. Kc5 Be8 62. Bc7 Ke4 63. Bd8 d4 64. Kc4 d3 65. Kc3 Ke3 66. Bc7 d2 0-1

[Event "Titled Tue 24th Jun Late"]
[Site "chess.com INT"]
[Date "2025.06.24"]
[Round "5"]
[White "Sjugirov, Sanan"]
[Black "Maghsoodloo, Parham"]
[Result "1-0"]
[WhiteTitle "GM"]
[BlackTitle "GM"]
[WhiteElo "2635"]
[BlackElo "2691"]
[WhiteFideId "4189302"]
[BlackFideId "12539929"]
[EventDate "2025.06.24"]

1. Nf3 Nf6 2. g3 b5 3. Bg2 Bb7 4. O-O e6 5. a4 b4 6. d3 Be7 7. e4 O-O 8. Nbd2 d5
9. exd5 exd5 10. d4 Nbd7 11. Nb3 Ne4 12. Be3 Rc8 13. Re1 Ba8 14. Nfd2 f5 15. f3
Nd6 16. Bf2 f4 17. Bh3 Bg5 18. Be6+ Kh8 19. g4 Re8 20. Nc5 Bc6 21. Bxd7 Bxd7 22.
Rxe8+ Qxe8 23. Qf1 Bc6 24. h4 Bf6 25. h5 Nc4 26. Re1 Qf7 27. Qd3 Re8 28. Rxe8+
Qxe8 29. b3 Ne3 30. Nf1 Bg5 31. Qe2 h6 32. Nxe3 fxe3 33. Bg3 Bf6 34. Qd3 e2 35.
Be1 Qe7 36. Kg2 a5 37. Qd2 Be8 38. Bf2 g6 39. Qxh6+ Kg8 40. hxg6 Bg5 41. Qh5 Bf6
42. Nd3 c6 43. Ne5 e1=Q 44. Bxe1 c5 45. Bf2 c4 46. bxc4 dxc4 47. Nxc4 Qg7 48.
Qd5+ Kh8 49. Qh5+ Kg8 50. Qd5+ Kh8 51. Nd6 Bxg6 52. Nf5 Qc7 53. Qe6 Qd8 54. d5
Kh7 55. d6 Bg5 56. Ne7 Bxc2 57. Qf7+ Kh6 58. Qh5+ Kg7 59. Qxg5+ Kf7 60. Qd5+ Ke8
61. Qc6+ Kf7 62. Qxc2 Qxd6 63. Nf5 Qd5 64. Qc7+ 1-0